| 000 | 00664nam a2200193Ia 4500 | ||
|---|---|---|---|
| 008 | 140321s9999 xx 000 0 und d | ||
| 020 | _a9710412174 | ||
| 050 |
_aHM 66 _b.Sa195 2011 |
||
| 100 | _aSan Juan, Wilfredo R. | ||
| 245 |
_aGeneral Sociology : _b(with anthropology and family planning) a conceptual, experiential and interactive approach / _cWilfredo R. San Juan and Ma. Luz J. Centeno. |
||
| 260 |
_aMandaluyong City : _bBooks Atpb. Pub., _cc2011. |
||
| 300 |
_a479 p. : _bill. ; _c26 cm. |
||
| 500 | _aIncludes bibliographical references. | ||
| 521 | _aGE | ||
| 650 | _aAnthropology. | ||
| 650 | _aSociology. | ||
| 942 |
_kLOC _cBK |
||
| 999 |
_c48486 _d48486 |
||